| 000 | 01187nam a2200469Ia 4500 | ||
|---|---|---|---|
| 001 | 130755 | ||
| 003 | 222266 | ||
| 005 | 20250801062541.0 | ||
| 008 | ||||||n9999 ||| || || | ||
| 082 | _a658.3 | ||
| 100 |
_aEvans, Paul, 1943- _9157913 |
||
| 245 | 4 |
_aThe global challenge _binternational human resource management _cby Paul Evans, Vladimir Pucik, Ingmar Björkman |
|
| 250 | _a2nd ed. | ||
| 504 | _aIncluye bibliografía e índice. | ||
| 562 | _e1 | ||
| 650 | 0 |
_aAdministración de personal _91276 |
|
| 650 | 0 |
_aCapital humano _945818 |
|
| 650 |
_aEMPRESAS INTERNACIONALES--ADMINISTRACION DE PERSONAL _9158122 |
||
| 650 | 0 |
_aRecursos humanos _91374 |
|
| 650 | 0 |
_aSelección de personal _96661 |
|
| 942 | _cBKM | ||
| 999 |
_c130755 _d130755 |
||
| 526 | _a17598 | ||
| 526 | _a102617 | ||
| 526 | _a102618 | ||
| 526 | _a15794 | ||
| 526 | _a102620 | ||
| 526 | _a10406 | ||
| 526 | _a105630 | ||
| 526 | _a1698 | ||
| 526 | _a116204 | ||
| 526 | _a4969 | ||
| 526 | _a19790 | ||
| 526 | _a104436 | ||
| 526 | _a5144 | ||
| 526 | _a51868 | ||
| 526 | _a3899 | ||
| 526 | _a9683 | ||
| 526 | _a | ||
| 526 | _a1703 | ||
| 526 | _a1697 | ||